Geography Quiz

Random Geography or City Quiz

New York city Quiz Stats

Quiz not verified by Sporcle

Also try: Arizona Cities
Challenge
Share
Tweet
Embed
Score 0/14 Timer 09:00
0 Plays Today
How well do you know NYC? Place or thing % Correct
leads from Manhattan to Brooklyn (or vise versa)The brooklyn Bridge
67.2%
The Greatest team in baseball historythe new York Yankees
55.7%
South of houston StreetSoHo
55.7%
music hall, delicarnegie
48.9%
Ciao Bella!little italy
45.4%
largest mueseum, in the cityThe Metropolitan
45.4%
Crossroads of the WorldTimes Square
37.9%
How well do you know NYC? Place or thing % Correct
Dolce and gabanna, Fendi, Gucci5th Avenue
29.3%
Home to Polar BearsCentral Park Zoo
27.6%
The Best Windows in NEW YorkMacy's
20.7%
Leads from Staten Island to BrooklynThe verrazano narrows bridge
19.5%
Sister station of Newarknew York penn Station
8%
the real NY CheesecakeJunoirs Cheesecake
1.7%
The beast L and BSpamuni Gardens
1.7%

You're not logged in!

Compare scores with friends on all Sporcle quizzes.
Sign Up with Email
OR
Log In

You Might Also Like...

Show Comments

Extras

Top Quizzes Today


Score Distribution

Your Account Isn't Verified!

In order to create a playlist on Sporcle, you need to verify the email address you used during registration. Go to your Sporcle Settings to finish the process.